Statistics for Food Dish Anagrams

Click here to take the quiz!

General Stats

  • This quiz has been taken 4 times
  • The average score is 4 of 9

Answer Stats

AnagramDish% Correct
As AngelLasagne
100%
The Coat PegCottage Pie
50%
Scrub Host SonHot Cross Buns
50%
Iced Drip GunRice Pudding
50%
Her Sheep DipsShepherds Pie
50%
Evil Bean FoodBeef Vindaloo
25%
Enthral SociopathLancashire Hotpot
25%
On Us Simon PeterMinestrone Soup
25%
Sunrise New Cocked HatSweet and Sour Chicken
25%

Score Distribution

Percentile by Number Answered

Percent of People with Each Score

Your Score History

You have not taken this quiz